UBT Library

Webster's Spanish-English/English-Spanish dictionary / (Record no. 40727)

000 -LEADER
fixed length control field 00804cam a2200241 a 4500
001 - CONTROL NUMBER
control field 13536436
005 - DATE AND TIME OF LATEST TRANSACTION
control field 20180123040910.0
008 - FIXED-LENGTH DATA ELEMENTS--GENERAL INFORMATION
fixed length control field 040325r20041968nyu d 000 0 eng
010 ## - LIBRARY OF CONGRESS CONTROL NUMBER
LC control number 2004047413
020 ## - INTERNATIONAL STANDARD BOOK NUMBER
International Standard Book Number 0517224550
040 ## - CATALOGING SOURCE
Original cataloging agency DLC
Transcribing agency DLC
Modifying agency DLC
041 0# - LANGUAGE CODE
Language code of text/sound track or separate title eng
-- spa
080 ## - UNIVERSAL DECIMAL CLASSIFICATION NUMBER
Universal Decimal Classification number 463.21 WIL
082 00 - DEWEY DECIMAL CLASSIFICATION NUMBER
Classification number 463.21 WIL
Edition number 22
100 1# - Rafti
Rafti 23
101 ## - Shkurtesa
Shkurtesa FJA
240 10 - UNIFORM TITLE
Uniform title <a href="Bantam new college Spanish & English dictionary">Bantam new college Spanish & English dictionary</a>
245 10 - TITLE STATEMENT
Title Webster's Spanish-English/English-Spanish dictionary /
Statement of responsibility, etc by Edwin B. Williams.
246 3# - VARYING FORM OF TITLE
Title proper/short title Spanish-English/English-Spanish dictionary
906 ## - LOCAL DATA ELEMENT F, LDF (RLIN)
a 7
b cbc
c orignew
d 1
e ocip
f 20
g y-gencatlg
942 ## - ADDED ENTRY ELEMENTS (KOHA)
Source of classification or shelving scheme
Item type Books
Holdings
Withdrawn status Lost status Source of classification or shelving scheme Damaged status Not for loan Collection code Permanent location Current location Shelving location Date acquired Total Checkouts Full call number Barcode Date last seen Price effective from Koha item type
          Koleksioni i përgjithshem UBT - Lipjan UBT - Lipjan Koleksioni i përgjithshem 01/23/2018   463.21 WIL 002-2996106 01/23/2018 01/23/2018 Books
UBT Library © 2015-2024. All rights reserved University Education for Business and Technology